MDQL
is popping MORE tags! Check the
thread
!
Quizzes
Events
Quiz Creation
Community
Videos
Private Events
Remove Ads
Sign In
Join for FREE
Feedback
Dark Mode
Quiz Categories
Sports
Geography
Music
Movies
Television
Just For Fun
Miscellaneous
History
Literature
Language
Science
Gaming
Entertainment
Religion
Holiday
For Kids
Quiz Lab
Recent
Popular Today
Quiz Kudos Today
Editor Picks
Curator Picks
Quizzes by...
Day
Popularity
Type
Ratings
Length
Year
Community
Subscriptions
Recent Discussions
Orange Saloon
Badges
Playlists
Quests
Create
Leaderboards
Showdown
Live 5
Trivia Bingo
Activity
Puzzle Library
Sporcle Events
Private Events
Virtual Trivia
Globe League
Become a Host
Pub Owners
SporcleCon
Opinionation
Our Games
Videos
Blog
Mobile Apps
Partnerships
Remove Ads and Go Orange
Feedback
Sports
Athletes
MLB
NBA
NHL
NFL
Soccer
Sports Teams
WWE
NCAA
Football
Premier League
Basketball
Baseball
Hockey
Golf
Tennis
Cricket
Rugby
Auto Racing
Olympics
World Cup
Sports
Athletes
MLB
NBA
NHL
NFL
Soccer
Sports Teams
WWE
NCAA
Football
Premier League
Basketball
Baseball
Hockey
Golf
Tennis
Cricket
Rugby
Auto Racing
Olympics
World Cup
Random Quiz
Search Sporcle
×
Quiz Lab
Quiz Lab
Sports
AFL
Type in answers that appear in a list
Type in answers that appear in a list
Classic
Best Score? Go Orange.
Guess the top 50 players of the afl 2019 Stats
Can you name the Guess the top 50 players of the afl 2019?
By
Blablaghzlllllll
10m
50 Questions
175 Plays
175 Plays
175 Plays
Comments
Comments
Give Quiz Kudos
Give Quiz Kudos
-
- Ratings
hide this ad
Replay
Link that replays current quiz
Next Quiz
Link to next quiz in quiz playlist
You Got
0%
They Got
Avg Score
55%
Avg Friend Score
Upgrade to see
Score Distribution
Jump to the score distribution portion of the page
Score
0/50
Timer
10:00
0
Plays Today
Hint
Answer
% Correct
Carlton
Cripps
94.2%
Collingwood
Grundy
90.2%
Brisbane
Neale
89%
Geelong
Dangerfield
87.3%
Fremantle
Fyfe
86.1%
Gws
Kelly
77.5%
Geelong
Kelly
77.5%
Richmond
Martin
76.9%
Collingwood
Treloar
76.3%
Collingwood
Pendlebury
76.3%
Western bulldogs
Bontempelli
75.1%
Gws
Cameron
72.8%
Brisbane
Cameron
72.8%
Sydney
Kennedy
70.5%
Geelong
Selwood
70.5%
Western bulldogs
Macrae
67.6%
West coast
Shuey
66.5%
Melbourne
Gawn
62.4%
Adialade
Sloane
59.5%
Sydney
Parker
59%
West coast
Yeo
58.4%
Gws
Coniglio
57.8%
Western bulldogs
Dunkley
56.1%
Brisbane
Zorko
56.1%
Power
Boak
55.5%
Hint
Answer
% Correct
Adialade
Crouch
54.9%
North
Cunnington
54.9%
Adialade
Crouch
54.9%
Richmond
Lynch
53.8%
North
Brown
48.6%
Geelong
Duncan
48%
Sydney
Heeney
46.2%
Gws
Taranto
45.7%
North
Higgins
45.7%
Richmond
Prestia
45.1%
Power
Gray
45.1%
Gws
Whitfield
44.5%
Adialade
Laird
42.8%
West coast
Hurn
40.5%
Sydney
Lloyd
37.6%
Gws
Davis
37.6%
Gold coast
Witts
33.5%
Sydney
Rampe
32.9%
St kilda
Ross
32.4%
Gws
Haynes
31.2%
Gws
Hopper
26%
St kilda
Billings
26%
Richmond
Riewolt
13.3%
Adialade
O’brien
12.1%
Gws
Wiliams
8.1%
Quiz Playlist
Details
Report
Send in Message
Add To Playlist
Classic:
Type in answers that appear in a list
Last Updated: Oct 1, 2019
Quiz Scoreboard
CHALLENGE
Sign Up to Join the Scoreboard
Show All
Scores
Hide
Comments
May contain spoilers
Recently Published
5x2 Blitz: Bands
by SL_Kpop136
Music
30s
Colored Red Africa Blitz
by spor1
Geography
30s
Find the 'City' Movie
by crazypaving
Movies
60s
More to Explore
Quiz From the Vault
Featured Blog Post
14 Easter Pick-up Lines to Find Eggs With
hide this ad
You Might Also Like...
Tags
2019
AFL
Player
Today's Top Quizzes in Sports
Browse Sports
hide this ad
Today's Top Quizzes in AFL
Browse AFL
Top Contributed Quizzes in Sports
1
Players with Multiple 50 Home Run Seasons
2
Criteria MLB: Left Handed Sluggers
3
MLB Players with Two .350 Batting Average Seasons
4
Who Hit More Homers?
5
Premier League Clubs since 2000 (minefield)
6
Who Needs Fielders?
7
2020 F1 Drivers Logic Puzzle
8
Les entraîneurs de l'OM et du PSG au 21e siècle
9
Top 10 NHL Goal Scorers of All Time
10
MLB Hall of Famer by Rings
Explore More
Trending Topics
Harry Potter
NBA
Marvel
Disney
Crossword
Anime
Kpop
The Office
WWE
Song
Puzzle
NFL
Country
Soccer
Pokémon
hide this ad
More By:
Blablaghzlllllll
Quiz
Plays
Rating
Category
Featured
Created
Guess the top 50 players of the afl 2019
175
2.33
Sports
Oct 1, 2019
AFL
87
1.00
Sports
Oct 1, 2019
Soccer
53
2.33
Sports
Oct 2, 2019
Go to Creator's Profile
Score Distribution
Quiz Creator Spotlight
Blablaghzlllllll
Follow
Send a Message
Quizzes Created
-
Created Quiz Play Count
-
More By This Creator
Popular Quizzes Today
1
Find the 'City' Movie
2
Colored Red Africa Blitz
3
Find the US States - No Outlines Minefield
4
5x2 Blitz: Bands
5
The Countries of the World
6
Find the US States
7
US States
8
9x9 Crossword: Cartoon Network
More Sports Quizzes
Word Ladder: World Tennis #1s
Curator's Pick
Trending Quizzes
Colored Red Europe Blitz I
Colored Red Africa Blitz II
Colored Red Europe Blitz II
Colored Red Africa Blitz III
Colored Red Europe Blitz III
Recently Updated
Famous TV Couples
Peacemaker
Champions League XIs: Real Madrid
pecheneg
Largest US Cities 1790-2010
pecheneg
Rides in Walt Disney World
pecheneg
Most Oscar Losses (Acting)
pecheneg
Beyoncé Albums
pecheneg
Leaping Animals
pecheneg
Reality TV Shows (A-Z)
bhenderson79
Rickey Henderson's Hall of Fame Teammates
pecheneg
Champions League XIs: Arsenal
pecheneg
Trending Topics
Disney
Anime
Harry Potter
NBA
Crossword
Marvel
Kpop
Puzzle
NFL
Song
Country
Soccer
Pokémon
WWE
The Office
Your Account Isn't Verified!
In order to create a playlist on Sporcle, you need to verify the email address you used during registration. Go to your
Sporcle Settings
to finish the process.
Report this User
Report this user for behavior that violates our
Community Guidelines
.
Details:
Send Report
Go to the Sporcle.com Mobile Site →
Comments